Jadeed Lisaniyati aur Uslubiyati Tasawurat/ (Record no. 614307)
[ view plain ]
| 000 -LEADER | |
|---|---|
| fixed length control field | 00586nam a22001697a 4500 |
| 082 ## - DEWEY DECIMAL CLASSIFICATION NUMBER | |
| Classification number | 801.95 |
| Author Mark | SOH |
| 100 ## - MAIN ENTRY--PERSONAL NAME | |
| Personal name | Sohail, Amir |
| 245 ## - TITLE STATEMENT | |
| Title | Jadeed Lisaniyati aur Uslubiyati Tasawurat/ |
| Statement of responsibility, etc. | Dr. Amir Sohail. |
| 260 ## - PUBLICATION, DISTRIBUTION, ETC. | |
| Place of publication, distribution, etc. | Faisalabad: |
| Name of publisher, distributor, etc. | Misaal Publishers, |
| Date of publication, distribution, etc. | 2021. |
| 300 ## - PHYSICAL DESCRIPTION | |
| Extent | 292p. |
| 563 ## - BINDING INFORMATION | |
| Binding note | HB |
| 650 ## - SUBJECT ADDED ENTRY--TOPICAL TERM | |
| Topical term or geographic name entry element | Linguistics |
| 880 ## - ALTERNATE GRAPHIC REPRESENTATION | |
| Linkage | 100-01\(3\r |
| Title | جدید لسانیاتی اور اسلوبیاتی تصورات/ |
| 880 ## - ALTERNATE GRAPHIC REPRESENTATION | |
| Linkage | 100-02\(3\r |
| Title | ڈاکٹر عامر سہیل |
| 880 ## - ALTERNATE GRAPHIC REPRESENTATION | |
| Linkage | 100-03\(3\r |
| Title | فیصل آباد : |
| b | مثال پبلشرز; |
| c | 2021. |
| 942 ## - ADDED ENTRY ELEMENTS (KOHA) | |
| Source of classification or shelving scheme | |
| Koha item type | Book |
| 650 ## - SUBJECT ADDED ENTRY--TOPICAL TERM | |
| -- | 306 |
No items available.
